[Event "Kaltern op 7th"]
[Site "Kaltern"]
[Date "2024.10.20"]
[Round "4"]
[White "Marcenaro, Alessandro"]
[Black "Capaliku, Aleks"]
[Result "1/2-1/2"]
[WhiteElo "2081"]
[BlackElo "1999"]
[PlyCount "75"]
[EventDate "2024.10.18"]
[EventType "swiss"]
[EventRounds "5"]
[EventCountry "ITA"]
[SourceTitle "CB43_2024"]
[Source "Chessbase"]
[SourceDate "2024.10.23"]
[SourceVersion "1"]
[SourceVersionDate "2024.10.23"]
[SourceQuality "1"]

1. e4 e5 2. Nf3 Nc6 3. Nc3 Nf6 4. Bb5 Bd6 5. d3 h6 6. a3 Ne7 7. d4 Ng6 8. h4 Qe7 9. h5 exd4 10. Qxd4 Ne5 11. Be3 c6 12. Nh4 Bc7 13. Nf5 Qf8 14. Be2 d6 15. 0-0-0 Bxf5 16. exf5 Qe7 17. Rhe1 0-0 18. g4 Bb6 19. Qxd6 Qxd6 20. Rxd6 Bxe3+ 21. fxe3 Nfxg4 22. Bxg4 Nxg4 23. Rg1 Nxe3 24. f6 Nf5 25. Rd7 Kh8 26. fxg7+ Nxg7 27. Rxb7 Nxh5 28. Rh1 Nf6 29. Rc7 Rac8 30. Rxa7 h5 31. Ra5 Rg8 32. Ne2 Rg4 33. Rf5 Kg7 34. Nf4 h4 35. Nd3 Rh8 36. Ne5 Rg3 37. Rhf1 Rh6 38. Nd7 1/2-1/2

[Event "Kaltern op 7th"]
[Site "Kaltern"]
[Date "2024.10.18"]
[Round "1"]
[White "Marcenaro, Alessandro"]
[Black "Ventura, Sergio"]
[Result "1-0"]
[WhiteElo "2081"]
[BlackElo "1931"]
[PlyCount "51"]
[EventDate "2024.10.18"]
[EventType "swiss"]
[EventRounds "5"]
[EventCountry "ITA"]
[SourceTitle "CB43_2024"]
[Source "Chessbase"]
[SourceDate "2024.10.23"]
[SourceVersion "1"]
[SourceVersionDate "2024.10.23"]
[SourceQuality "1"]

1. e4 c5 2. Nf3 d6 3. d4 cxd4 4. Nxd4 Nf6 5. Nc3 e5 6. Nde2 a6 7. h3 b5 8. g4 Bb7 9. Bg2 b4 10. Nd5 Nxd5 11. exd5 Nd7 12. 0-0 h5 13. gxh5 Rc8 14. a3 Qc7 15. axb4 Qxc2 16. Qxc2 Rxc2 17. Nc3 f5 18. Bf3 Nf6 19. Bd1 Rxc1 20. Rxc1 Nxd5 21. Nxd5 Bxd5 22. Be2 Kd7 23. Ra1 g6 24. Ra5 Ke6 25. Bxa6 gxh5 26. Bc8+ 1-0

[Event "Piacenza op 2nd"]
[Site "Piacenza"]
[Date "2024.09.27"]
[Round "1"]
[White "Rostalnyi, Kyrylo"]
[Black "Marcenaro, Alessandro"]
[Result "1/2-1/2"]
[WhiteElo "1938"]
[BlackElo "2072"]
[PlyCount "146"]
[EventDate "2024.09.27"]
[EventType "swiss"]
[EventRounds "6"]
[EventCountry "ITA"]
[SourceTitle "EXT 2025"]
[Source "ChessBase"]
[SourceDate "2024.10.14"]
[SourceVersion "1"]
[SourceVersionDate "2024.10.14"]
[SourceQuality "1"]

1. d4 d5 2. c4 e6 3. g3 c5 4. cxd5 exd5 5. Nf3 Nc6 6. Bg2 Nf6 7. 0-0 c4 8. Nc3 Be7 9. Ne5 0-0 10. Nxc6 bxc6 11. e4 dxe4 12. Nxe4 Be6 13. Nxf6+ Bxf6 14. Be3 Rb8 15. Bxc6 Rxb2 16. Qc1 Rb6 17. d5 Rxc6 18. dxc6 Bxa1 19. Qxa1 Qc7 20. Qd4 Qxc6 21. Rd1 c3 22. Qf4 c2 23. Rc1 Rd8 24. f3 Qb5 25. Kf2 Rc8 26. Bxa7 Bxa2 27. Be3 Be6 28. Qg5 Qd3 29. Qe5 Rd8 30. Qe4 Qxe4 31. fxe4 Rc8 32. Ke2 Bg4+ 33. Kd2 Bd1 34. Ra1 f6 35. Bf4 g5 36. Be3 Kf7 37. e5 fxe5 38. Bxg5 Kg6 39. Be3 Kf5 40. Kd3 Rd8+ 41. Kc3 Ke4 42. Bg5 Rc8+ 43. Kb2 Rb8+ 44. Kc1 Kf3 45. Ra3+ Kg2 46. Kd2 Rc8 47. Kc1 Kxh2 48. Bh4 Kg2 49. Re3 Rb8 50. Kd2 Rb1 51. Rc3 e4 52. Bg5 h5 53. Bf4 Rb7 54. Rc5 Rd7+ 55. Ke3 Re7 56. Rc3 Kf1 57. Rc5 Kg2 58. Rc3 Kh3 59. Rc5 Re8 60. Rc3 Kg4 61. Rc5 Bf3 62. Rxc2 Rd8 63. Rc3 Rd1 64. Rc5 Re1+ 65. Kd4 Rd1+ 66. Ke3 Kh3 67. Kf2 Ra1 68. Rc2 Rh1 69. Ke3 Kg4 70. Rc5 Kh3 71. Rc2 Re1+ 72. Kf2 Rb1 73. Ke3 Re1+ 1/2-1/2